| 000 | 01687nam a2200373 a 4500 | ||
|---|---|---|---|
| 001 | ebr10215620 | ||
| 003 | CaPaEBR | ||
| 006 | m u | ||
| 007 | cr cn||||||||| | ||
| 008 | 060922s2007 enka sb 001 0 eng | ||
| 010 | _z 2006031456 | ||
| 020 | _z9780754632757 (alk. paper) | ||
| 020 | _z075463275X (alk. paper) | ||
| 040 |
_aCaPaEBR _cCaPaEBR |
||
| 035 | _a(OCoLC)319836410 | ||
| 043 | _af-sa--- | ||
| 050 | 1 | 4 |
_aHD6072.2.S6 _bK56 2007eb |
| 082 | 0 | 4 |
_a331.4/816480968 _222 |
| 100 | 1 | _aKing, Alison Jill. | |
| 245 | 1 | 0 |
_aDomestic service in post-apartheid South Africa _h[electronic resource] : _bdeference and disdain / _cAlison Jill King. |
| 260 |
_aAldershot, England ; _aBurlington, VT : _bAshgate Pub. Company, _cc2007. |
||
| 300 |
_aix, 214 p. : _bill. |
||
| 504 | _aIncludes bibliographical references (p. [204]-209) and index. | ||
| 505 | 0 | _aTheoretical considerations and hidden meanings -- Comparative and global considerations -- Political economy -- White employers and servants I -- White employers and servants II -- Non-white employers and servants -- Conclusion. | |
| 533 |
_aElectronic reproduction. _bPalo Alto, Calif. : _cebrary, _d2013. _nAvailable via World Wide Web. _nAccess may be limited to ebrary affiliated libraries. |
||
| 650 | 0 |
_aWomen household employees _zSouth Africa. |
|
| 650 | 0 | _aOppression (Psychology) | |
| 650 | 0 |
_aRacism _zSouth Africa. |
|
| 650 | 0 |
_aSexism _zSouth Africa. |
|
| 650 | 0 |
_aClassism _zSouth Africa. |
|
| 655 | 7 |
_aElectronic books. _2local |
|
| 710 | 2 | _aebrary, Inc. | |
| 856 | 4 | 0 |
_uhttp://site.ebrary.com/lib/rucke/Doc?id=10215620 _zAn electronic book accessible through the World Wide Web; click to view |
| 999 |
_c230756 _d230756 |
||